| 000 | 00613nam a22001697a 4500 | ||
|---|---|---|---|
| 005 | 20260218130027.0 | ||
| 008 | 260218b |||||||| |||| 00| 0 eng d | ||
| 020 | _a9789393875082 | ||
| 040 | _cVITAP | ||
| 082 |
_223 _a294.535 SRI |
||
| 100 |
_aSrinivasan, Raghuvir Ed. _917093 |
||
| 245 |
_aTirumala _b: The Seven Hills of Salvation _c/ Raghuvir Srinivasan |
||
| 260 |
_aChennai _bTHG Publishing Pvt Ltd. _c2023 |
||
| 300 | _a136p, ill.: 28cm | ||
| 650 | 0 |
_aMythological Origins, Religious Significance, Temple History, Architecture & Art, Rituals & Festivals, Pilgrimage Practices etc. _917094 |
|
| 942 |
_2ddc _cBK |
||
| 999 |
_c47277 _d47277 |
||